| 000 | 01052nmc a2200337 a 4500 | ||
|---|---|---|---|
| 003 | AR-BaBNM | ||
| 005 | 20251128205806.0 | ||
| 008 | 178019s1997 ||||||||||||||000 | spa|| | ||
| 020 | _a987-9173-19-9 | ||
| 040 | _cAR-BaBNM | ||
| 100 | 1 | _aBianchi, Patrizio | |
| 245 | 1 | 0 |
_aConstruir el mercado _blecciones de la Unión Europea : el desarrollo de las instituciones y de las políticas de competitividad |
| 260 |
_aBuenos Aires _bUniversidad Nacional de Quilmes _c1997 |
||
| 300 |
_a260 p. _btablas |
||
| 490 | 0 | _aPolítica, Economía y Sociedad | |
| 504 | _aReferencias bibliográficas: p. 251-260 | ||
| 650 | 4 | _aMERCADOS | |
| 650 | 4 | _aINSTITUCIONES | |
| 650 | 4 | _aCOMPETITIVIDAD | |
| 650 | 4 | _aINTEGRACION ECONOMICA | |
| 650 | 4 | _aPOLITICA ECONOMICA | |
| 650 | 4 | _aPOLITICA INDUSTRIAL | |
| 650 | 4 | _aPOLITICA DE DESARROLLO | |
| 650 | 4 | _aSISTEMAS MONETARIOS | |
| 650 | 4 | _aSERVICIOS PUBLICOS | |
| 651 | 4 | _aCOMUNIDAD EUROPEA | |
| 700 | 1 |
_aBoscherini, Fabio _etraductor |
|
| 800 | 1 | _aLópez, Ernesto | |
| 942 | _cBK | ||
| 998 | _carturo | ||
| 999 |
_c12828 _d12828 |
||